000 00484nam a22001937a 4500
003 PILC
005 20160127120607.0
008 121116t xxu||||| |||| 00| 0 eng d
020 _a9780545229258
050 _aPZ 7
_b.O614 2010
082 _aFIC
_bO62 2010
100 _aOppel, Kenneth
_919743
245 _aHalf brother
_cKenneth Oppel
260 _aNew York :
_bScholastic Press,
_cc2010.
300 _a374 p. :
_c22 cm.
562 _e1
942 _2lcc
_cBK
999 _c11303
_d11303